Sports Quiz

Random Sports Quiz
Score 0/32 Timer 10:00
0 Plays Today
Years at the Club Name % Correct
2006-PresentCarlton Cole
96.2%
2006-2009Dean Ashton
83.6%
2011Demba Ba
83%
2012-PresentAndy Carroll
81.8%
2008-2012 (2000-2008(Youth))Freddie Sears
80.5%
2004-2008Bobby Zamora
76.7%
2011 (Loan)Robbie Keane
69.2%
2007-2009Craig Bellamy
67.9%
2012Nicky Maynard
67.9%
2011-12Sam Baldock
63.5%
2012-PresentRicardo Vaz Tê
63.5%
2010Ilan Araújo Dall'Igna
56.6%
2008-2009 (Loan)David Di Michele
54.1%
2010-2012Frédéric Piquionne
52.8%
2012-PresentModibo Maïga
51.8%
2007-2011Zavon Hines
49.7%
Years at the Club Name % Correct
2013 (Loan)Marouane Chamakh
49.1%
2010-11Benni McCarthy
45.9%
2010-2011 (Loan)Victor Obinna
44.7%
2010Ahmed Hossam Hussein Abdelhamid
44.7%
2009-2010Guillermo Franco
44.2%
2011-2012John Carew
42.8%
2009-2012Frank Nouble
39%
2008-2009Diego Tristan
38.4%
2010-Present (Loan)Robert Hall
30.8%
2009Savio Nsereko
27.3%
2013 (Loan)Wellington Paulista
25.5%
2011-2012 (Loan)Brian Montenegro
18.9%
2004-2008Hogan Ephraim
14.5%
2013-PresentMladen Petrić
12.8%
2007-2008 (Loan)Henri Camara
8.8%
2010-12Cristian Montaño
5.7%
Remove Ads.
Support Sporcle.
Get the best of Sporcle when you Go Orange. This ad-free experience offers more features, more stats, and more fun while also helping to support Sporcle. Thank you for becoming a member.

You're not logged in!

Compare scores with friends on all Sporcle quizzes.
OR
Log In

Show Comments

Extras

Created Jul 8, 2012ReportNominate
Tags:2008, club, ham, Striker, West

Top Quizzes Today


Score Distribution

Your Account Isn't Verified!

In order to create a playlist on Sporcle, you need to verify the email address you used during registration. Go to your Sporcle Settings to finish the process.

Report this User

Report this user for behavior that violates our Community Guidelines.

Details: